000 00224nam a22000857a 4500
008 160916b xxu||||| |||| 00| 0 eng d
100 _9591
_aRobinson s
245 _aDr. Jekyl and Mr.Hyde
260 _aUSA
_bFranklin publication
_c2011
999 _c3247
_d3247